000
00448nam a2200145Ia 4500
008
151213s9999 xx 000 0 und d
100
_a
আল মুজাহিদী।
245
_a
কবিতা সমগ্র ।
_c
আল মুজাহিদী।
260
_a
ঢাকা।
_b
শিখা
_c
2006
300
_a
8654 p.
650
_a
Bangla
650
_a
গল্প।
700
_a
আল মুজাহিদী।
999
_c
4441
_d
4441